Das Dorf Bergfriede

Titel: Das Dorf Bergfriede
Verfasser:
In: Osteroder Zeitung, Heft 57 (1982), Seite 541-549
alle Artikel anzeigen
Veröffentlicht: 1982
Format: Aufsatz
Sprache: Deutsch
Kein Bild verfügbar
X
alg: 39190310
001A    $01999:11-11-16 
001B    $01999:29-03-21 $t21:46:56.000 
001D    $01999:11-11-16 
001U    $0utf8 
001X    $00 
002@    $0Aox 
003@    $0391903101 
007A    $0391903101 $aHEB 
007T    $0Herd21471 
010@    $ager 
011@    $a1982 
021A    $aDas @Dorf Bergfriede 
028A    $aBecker $dAlfred 
031A    $e57 $h541-549 $j1982 
039B    $aIn $8--Abvc--. Osteroder Zeitung. - Osterode, 1954-. - ISSN 0030-638X $x198200000000057459 $9048244783 
045F    $a907.2094382 $eDDC23BSB 
045F/01 $a907.2 
045F/03 $g4382 
045F/03 $g43832 

lok: 39190310 78

exp: 39190310 78 1 #EPN
201B/01 $019-04-17 $t10:53:11.000 
201U/01 $0utf8 
203@/01 $0787998702 
208@/01 $a11-11-16 $be 
209A/01 $a/ $f000 $x00 
220C/01 $aTitelaufnehmer: kl 
244Z/01 $2Trx $#Prusy Wschodnie i Zachodnie $8--Trx--Ost- und Westpreußen $x01 $939113373X 
244Z/01 $2Trx $#Königlich Bergfriede Osterode $#Bergfriede* $8--Trx--Samborowo$gOstróda $x02 $9391158015 
244Z/01 $2Trx $#ülevaated kohad $#vietovės bendras $#overview cities $#ábrázolások, átfogó helyek $#miejscowości poszczególne $#dejiny miestne $#dějiny místní $#Ortsgeschichte $#Städte $#Orte $#miasta $#miestne dejiny $8--Trx--Darstellungen, übergreifende$gOrte $x03 $9391384228 
244Z/01 $2Trx $8--Trx--Zeitschriftenaufsatz $x04 $9391384341 
245Z/01 $a13.03 $x01 
245Z/01 $a06.01 $x02 
247C/01 $82080>Marburg/Lahn, Herder-Institut, Forschungsbibliothek, Bibliographieportal $9336309341
LEADER 00000caa a22000002c 4500
001 391903101
003 DE-603
005 20210329214656.0
007 tu
008 161111s1982 xx |||| | u00||u|ger c
035 |a (DE-599)HEB391903101 
040 |a DE-603  |b ger  |c DE-603  |d DE-603 
041 |a ger 
082 0 4 |8 1\u  |a 907.2094382  |q DE-101  |2 23/BSB 
085 |8 1\u  |b 907.2 
085 |8 1\u  |z 2  |s 4382 
085 |8 1\u  |z 2  |s 43832 
100 1 |a Becker, Alfred 
245 0 0 |a ˜Dasœ Dorf Bergfriede 
264 0 |c 1982 
773 0 8 |i In  |t Osteroder Zeitung  |d Osterode, 1954-  |x 0030-638X  |g Heft 57 (1982), Seite 541-549  |w (DE-603)048244783  |w (DE-600)958693-3 
924 0 |9 2080  |a (DE-603)787998702  |b DE-2080  |c HES  |d d  |g /